|
|
|
|
| LEADER |
00774naa a2200205 i 4500 |
| 001 |
publ28916 |
| 005 |
20231123112057.0 |
| 008 |
231123s2023 hu o 0|| Magyar d |
| 020 |
|
|
|a 9789633083079
|
| 024 |
7 |
|
|a 34011603
|2 mtmt
|
| 040 |
|
|
|a SZTE Publicatio Repozitórium
|b hun
|
| 041 |
|
|
|a Magyar
|
| 100 |
1 |
|
|a Harkai István
|
| 245 |
1 |
2 |
|a A szoftver szerzői jogi oltalma
|h [elektronikus dokumentum] /
|c Harkai István
|
| 260 |
|
|
|a ORAC Kiadó Kft.; Eötvös Loránd Research Network Centre for Social Sciences Institute for Legal Studies
|b Budapest
|c 2023
|
| 300 |
|
|
|a 12
|
| 300 |
|
|
|a 1-12
|
| 490 |
0 |
|
|a Internetes Jogtudományi Enciklopédia
|
| 650 |
|
4 |
|a Jogtudomány
|
| 856 |
4 |
0 |
|u http://publicatio.bibl.u-szeged.hu/28916/1/a-szoftver-szerzoi-jogi-oltalma.pdf
|z Dokumentum-elérés
|